000 00990nam a2200253Ia 4500
003 OSt
005 20221005111320.0
006 a|||||r|||| 00| 0
007 ta
008 221004b |||||||| |||| 00| 0 hin d
020 _a8181430484 (hbk)
_c300
024 _a97483
037 _b1214, 02/03/2009, Pioneer Books Distributors
_cTextual
040 _aCRL
_cCRL
_bhin
041 _2hin
_ahin
082 _aV2,64.P1, 152P3
100 _aमैथ्यू, जॉर्ज
245 0 _aभारत में पंचायती राज
_b परिप्रेक्ष्य और अनुभव
246 _aBhārat mean panchāyatī rāja: pariprekṣhya aur anubhava
260 _aनई दिल्ली
_bवाणी प्रकाशन भारत
_c2003
300 _a230पृ0
_ccm.
942 _hV2,64.P1, 152P3
_cTEXL
_2cc
999 _c1021480
_d1021480